|
|
|
|
| LEADER |
00000nab a2200000 a 4500 |
| 001 |
vtls000575462 |
| 003 |
SK-MaSNL |
| 005 |
20260303200222.0 |
| 008 |
140422c1996 xo 0 slo |
| 015 |
|
|
|a SNBRB19rr/mm-uuuuu
|
| 035 |
|
|
|a CL0575600
|
| 040 |
|
|
|a SNKBUCL
|b slo
|c SNKBUCL
|e AACR2
|
| 041 |
0 |
|
|a slo
|
| 044 |
|
|
|a xo
|c SK
|
| 080 |
|
|
|a 800.6
|2 1981
|
| 100 |
1 |
|
|a Kačala, Ján,
|d 1937-
|4 aut
|9 89383
|
| 245 |
1 |
0 |
|a Stačí, keď si rozumieme?
|c Ján Kačala
|
| 650 |
0 |
7 |
|a jazyk
|2 snkbucl
|9 22980
|
| 650 |
0 |
7 |
|a jazyková kultúra
|2 snkbucl
|9 1395
|
| 655 |
|
7 |
|a články z novín a časopisov
|2 snkbucl
|9 267496
|
| 773 |
0 |
|
|t Literárny týždenník
|g Roč. 9, č. 6 (1996), s. 4-5
|x 0862-5999
|
| 850 |
|
|
|a Slovenská národná knižnica v Martine
|a MTA001
|
| 852 |
|
|
|a SNK
|b KIS3GCP
|
| 958 |
|
|
|a RK
|
| 999 |
|
|
|c 2167172
|d 2169102
|